BIU LAW JOURNAL (Record no. 43930)

MARC details
003 - CONTROL NUMBER IDENTIFIER
control field 436108
005 - DATE AND TIME OF LATEST TRANSACTION
control field 20251021213316.0
008 - FIXED-LENGTH DATA ELEMENTS--GENERAL INFORMATION
fixed length control field 251021b |||||||| |||| 00| 0 eng d
022 ## - INTERNATIONAL STANDARD SERIAL NUMBER
International Standard Serial Number 1115837
040 ## - CATALOGING SOURCE
Transcribing agency Nile University o Nigeria, Abuja.
Description conventions rda
050 ## - LIBRARY OF CONGRESS CALL NUMBER
Classification number K 60 .B5
082 ## - DEWEY DECIMAL CLASSIFICATION NUMBER
Classification number K 60 .B5
245 ## - TITLE STATEMENT
Title BIU LAW JOURNAL
250 ## - EDITION STATEMENT
Edition statement vol1N01,2011
260 ## - PUBLICATION, DISTRIBUTION, ETC. (IMPRINT)
Place of publication, distribution, etc Benin
Name of publisher, distributor, etc BIU Press
Date of publication, distribution, etc 2011
264 ## - PUBLICATION, DISTRIBUTION, ETC. (IMPRINT)
Place of publication, distribution, etc Benin
Name of publisher, distributor, etc BIU Press
Date of publication, distribution, etc 2011
300 ## - PHYSICAL DESCRIPTION
Extent vi,539 pg., 25 cm
336 ## - CONTENT TYPE
Source rdacontent
338 ## - CARRIER TYPE
Source rdacarrier
942 ## - ADDED ENTRY ELEMENTS (KOHA)
Source of classification or shelving scheme Library of Congress Classification
Koha item type JOURNALS
Holdings
Withdrawn status Lost status Source of classification or shelving scheme Damaged status Not for loan Permanent Location Current Location Shelving location Date acquired Total Checkouts Date last seen Price effective from Koha item type
    Library of Congress Classification     Law Library Law Library Items on shelf 10/21/2025   10/21/2025 10/21/2025 JOURNALS
    Library of Congress Classification     Law Library Law Library Items on shelf 10/21/2025   10/21/2025 10/21/2025 JOURNALS